Estadísticas para Cultura General A-Z

Haz click aquí para intentar la prueba.

Estadísticas generales

  • Esta prueba ha sido intentada 481 veces
  • La puntuación promedio es 18 de 27

Estadísticas de respuestas

LetraPreguntaRespuesta% Correcto
ETorre construida para la Exposición Universal de 1889 en FranciaTorre {Eiffel}
95%
B¿En qué ciudad se encuentra la Sagrada Familia?Barcelona
94%
QBanda liderada por Freddie MercuryQueen
92%
H¿Quién escribió "La Odisea"?Homero
90%
L¿Cual es el Idioma principal usando en la antigua Roma?Latín
90%
O¿Qué gas liberan las plantas al hacer la fotosíntesis?Oxigeno
90%
M¿Qué estudia la gente que le apasiona la cartografía?Mapas
86%
D¿Qué tipo de camello tiene una sola joroba?Dromedario
85%
C¿La deficiencia de qué nutriente puede causar osteoporosis?Calcio
82%
NJesús nació en Belén. Pero ¿en qué ciudad creció?Nazaret
79%
X¿Cómo se le llama a la fobia a los extranjeros?Xenofobia
78%
P¿Cuál es el nombre de la ciudad romana destruida por el monte Vesubio?Pompeya
76%
V¿Cuál es el primer color mencionado en la Biblia?Verde
75%
S¿Qué actividad deportiva se llamó originalmente "surf callejero"?Skateboarding
74%
F¿Qué forma de gobierno inició Benito Mussolini?Fascismo
72%
Z¿Cuál es la capital de Aragón?Zaragoza
71%
A¿Cómo se llama el mar que está entre Italia y los Balcanes?Adriático
69%
IPaís que invadió Kuwait en 1990Irak
67%
W¿Qué distrito de Londres es sede de un gran torneo de tenis?Wimbledon
65%
K¿Cuál es el nombre alemán de la ciudad de Colonia?Köln
49%
Y¿Cuál es la moneda oficial de China?Yuan
47%
T¿Cómo se llama el satélite más grande de Saturno?Titán
38%
Ñ¿Cómo se llama el hijo del señor barriga en la serie "El chavo del ocho"?Ñoño
37%
U¿Cuál es el idioma oficial de Pakistán?Urdu
35%
R¿Cuál es el metal más caro del mundo?Rodio
33%
G¿Cómo se llaman las crías de los conejos?Gazapos
30%
JEmperador bizantino que reconquistó ItaliaJustiniano
27%

Distribución de puntuación

Porcentaje por número respondido

Porcentaje de gente con cada puntuación

Historial de tus puntuaciones

No has intentado esta prueba.